|
|
|
|
| LEADER |
00000nas a22000001a 4500 |
| 001 |
vtls010300213 |
| 003 |
SK-MaSNL |
| 005 |
20260228162756.0 |
| 008 |
110810d19401940xo wr p r 0 b0slo |
| 015 |
|
|
|a SNBDS17XX9999
|
| 015 |
|
|
|a 0265
|2 Fedor 1939-44
|
| 038 |
|
|
|a SNKBUDS
|
| 040 |
|
|
|a SNK
|b slo
|c SNK
|e AACR2
|
| 041 |
0 |
|
|a slo
|
| 044 |
|
|
|a xo
|c SK
|
| 245 |
0 |
0 |
|a Malý Haderech
|b časopis pre židovskú kultúru a prevrstvovanie k vysťahovaniu
|
| 260 |
|
|
|a Bratislava
|b Ústredný sväz cionistický pre Slovensko
|c 1940
|
| 300 |
|
|
|a 1 roč.
|c 22 x 15 cm
|
| 310 |
|
|
|a 1x týždenne
|
| 362 |
0 |
|
|a Č. 1 (8.2.1940)-č. 27 (22.8.1940)
|
| 500 |
|
|
|a Vych. v Bratislave (týždenne)
|
| 500 |
|
|
|a Vedie Ujko Vily
|
| 500 |
|
|
|a (Vyd. Ústredný sväz cionistický pre Slovensko)
|
| 500 |
|
|
|a (Tlač. Kníhtlač Julius Ehrenthal)
|
| 500 |
|
|
|a Vych. v náklade 2500-3000 exemplárov od 8. 2. 1940 do 22. 8. 1940
|
| 500 |
|
|
|a Príloha pre židovskú mládež týždenníka Haderech
|
| 505 |
8 |
0 |
|g Rok 1940 27 čís. po 4 s. (číslovaný osobitne, uverejňovaný na spoločnom liste tak, že sa môže mechanicky oddeliť)
|
| 650 |
0 |
7 |
|a židovstvo
|2 SNKPH
|9 3761
|
| 655 |
|
7 |
|a náboženské židovské časopisy
|2 SNKBUDS
|9 272079
|
| 700 |
0 |
|
|a Ujko, Vily
|4 red
|9 272080
|
| 710 |
2 |
|
|a Ústredný zväz sionistický pre Slovensko
|e vydav.
|9 271380
|
| 710 |
0 |
|
|a Ehrenthal, Július (Bratislava)
|e tlač.
|9 271405
|
| 772 |
0 |
|
|t Haderech
|
| 852 |
|
|
|a SNK
|b 10000
|h ČSA 448
|
| 852 |
|
|
|a UKB
|b 300000
|h JUDA 38
|
| 999 |
|
|
|c 8324
|d 10254
|